000 00543nam a2200205Ia 4500
005 20250508161504.0
008 008 250505s9999 xx 000 0 eng d
037 _aTextual
040 _aFEDL
_beng
_cFEDL
041 _aeng
_2eng
084 _a330, SAM
_qFEDL
100 _aSamuelson Paul A.
245 0 _aEconomics : An introductory analysis
250 _a7
260 _aNew York, USA
_bMcGraw Hill Book Company
300 _axxi,821p
650 _aEconomics
942 _cTEXL
_h330, SAM
999 _c1370271
_d1370271